Star Wars Quiz #4 - Statistiken

Allgemein
  • Dieses Quiz wurde 1.566 mal gespielt
    1.547 seit der letzten Aktualisierung
  • Das Durchschnittsergebnis liegt bei 7 aus 10
Antwortstatistiken
Frage Antwort % Korrekt
Wer baute C-3PO? Anakin Skywalker
96%
Auf welchem Planeten ging Yoda ins Exil? Dagobah
94%
Was war die Sturmtrupplernummer von Finn? FN-2187
94%
In welches Material wurde Han Solo in „Das Imperium schlägt zurück“ eingefroren? Karbonit
89%
Wie hieß der gehackte Droide in „Rouge one“? K-2SO
74%
Was war Po Dameron bevor er sich dem Widerstand anschloss? Gewürzschmuggler
73%
Welcher Kopfgeldjäger verübte einen Anschlag auf Mace Windu? Boba Fett
69%
Wie hieß das rennen an dem der junge Anakin Skywalker in „Die dunkle Bedrohung“ teilnimmt? Boonta-Eve-Classic
62%
Welche Klonlegion führt der Jedi Meister Plo Koon an? 104th
50%
Aus wie vielen Klonen bestand die „Große Armee der Republik“ (GAR) 3.200.000
31%
Keine übereinstimmenden Quizze gefunden
Verteilung der Resultate
Anzahl Personen mit jedem Resultat
Perzentil nach korrekt beantworteten Fragen
Ihre Resultats-Entwicklung
Sie haben dieses Quiz seit der letzten Aktualisierung nicht gespielt